Fatimid Caliphs - Statistics

General Stats
  • This quiz has been taken 29 times
  • The average score is 5 of 14
Answer Stats
# Years Caliphs % Correct
6 996 - 1021 Al-Hakim bi-Amr Allah
76%
1 909 - 934 Al-Mahdi Billah
57%
8 1036 - 1094 Al-Mustansir Billah
57%
3 946 - 953 Al-Mansur bi-Nasr Allah
43%
4 953 - 975 Al-Muizz Lideenillah
43%
2 934 - 946 Al-Qa'im Bi-Amrillah
43%
10 1101 - 1130 Al-Amir
38%
7 1021 - 1036 Ali az-Zahir
33%
11 1130 - 1149 Al-Hafiz
29%
9 1094 - 1101 Al-Musta'li
29%
5 975 - 996 Al-Aziz Billah
19%
13 1154 - 1160 Al-Faiz
19%
12 1149 - 1154 Al-Zafir
14%
14 1160 - 1171 Al-Azid
5%
No matching quizzes found
Score Distribution
Percent of People with Each Score
Percentile by Number Answered
Your Score History
You have not taken this quiz